| 000 | 01258nam2a2200265 4500 | ||
|---|---|---|---|
| 001 | rc\2899225 | ||
| 005 | 20260315053613.0 | ||
| 035 | _a(NLR Aleph) 007050652 | ||
| 090 |
_a13590646 _c13590646 |
||
| 100 | _a20110729d1929 u y0rusy50 ca | ||
| 101 | 1 |
_arus _cfre |
|
| 102 | _aRU | ||
| 105 | _ay z ||||| | ||
| 200 | 1 |
_aКнига моего друга _aПьер Нозьер _eПер. с фр. _fПод ред. Бенедикта Лившица _fПер. с фр. И. А. Аксенова |
|
| 210 | _d1929 | ||
| 215 | _a393, [2] с. | ||
| 461 | 0 |
_1001rc\2899214 _12001#$aПолное собрание сочинений$eТ. 1-$fАнатоль Франс$gПод общ. ред. и с предисл. А.В. Луначарского и портр. автора$vТ. 12 _1700#1$aФранс$bА.$gАнатоль$f1844-1924 _96187260 _aФранс, А. (1844-1924) _cМосква _d1928 _fАнатоль Франс _nЗемля и фабрика _oТ. 1- _tПолное собрание сочинений _vТ. 12 |
|
| 702 | 1 |
_aЛившиц _bБ. _gБенедикт _4340 |
|
| 702 | 1 |
_aАксенов _bИ.А. _4730 |
|
| 801 | 0 |
_aRU _bNLR _gpsbo |
|
| 801 | 1 |
_aRU _bELAR _2rusmarc |
|
| 852 |
_aNLR _j57/110 |
||
| 852 |
_aNLR _bЛ _j60 В-3/117(12) |
||
| 942 | _cUNSPEC | ||
| 980 | _aNB | ||